Soil degradation, conservation and remediation

Zapisane w:
Opis bibliograficzny
1. autor: Osman, Khan Towhid
Format: Książka
Język:English
Wydane: New York Springer 2014
Hasła przedmiotowe:
Etykiety: Dodaj etykietę
Nie ma etykietki, Dołącz pierwszą etykiete!
Thư viện lưu trữ: Trung tâm Học liệu Lê Vũ Hùng, Trường Đại học Đồng Tháp
LEADER 00876aam a22003618a 4500
001 00039772
005 20171026081025.0
008 170520s2014 ||||||engsd
041 0 # |a eng 
082 1 4 |a 363.7  |b S428D 
100 1 # |a Osman, Khan Towhid 
245 1 0 |a Soil degradation, conservation and remediation  |c Khan Towhid Osman 
260 # # |a New York  |b Springer  |c 2014 
300 # # |a 237 tr.  |c 29 cm. 
653 # # |a conservation 
653 # # |a degradation 
653 # # |a remediation 
653 # # |a Soil 
852 # # |b Kho đọc  |j KD.0021178 
852 # # |j KM.0022256  |b Kho mượn 
852 # # |j KM.0022256  |j KD.0021178 
910 |d 20/05/2017 
980 # # |a Trung tâm Học liệu Lê Vũ Hùng, Trường Đại học Đồng Tháp